Uplatňovanie štýlov vedenia v poisťovni bakalárska práca

Enregistré dans:
Détails bibliographiques
Auteur principal: Kunová, Patrícia
Collectivité auteur: Fakulta podnikového manažmentu EU. Katedra manažmentu
Autres auteurs: Ljudvigová, Ivana
Format: Livre
Langue:slovaque
Publié: Bratislava 2018
Tags: Ajouter un tag
Pas de tags, Soyez le premier à ajouter un tag!

MARC

LEADER 00000nbm a2200000 4500
001 0244615
005 20180918144456.7
041 0 |a slo 
044 |a SK 
245 1 0 |a Uplatňovanie štýlov vedenia v poisťovni  |b bakalárska práca  |c Patrícia Kunová ; školiteľ: Ivana Ljudvigová 
264 1 |a Bratislava  |c 2018 
300 |a 50 s. 
100 1 |a Kunová, Patrícia 
700 1 |a Ljudvigová, Ivana 
710 2 |a Fakulta podnikového manažmentu EU. Katedra manažmentu